| 000 | 00698nam a2200241Ia 4500 | ||
|---|---|---|---|
| 005 | 20220913104548.0 | ||
| 008 | 131103s9999 xx 000 0 und d | ||
| 020 | _a067521278 2 | ||
| 040 | _aLoreto College | ||
| 041 | _aEnglish | ||
| 082 |
_a551.46 _bGRO |
||
| 100 | _aGross, M . Grant | ||
| 245 |
_aOceanography _cby M.Grant Gross |
||
| 250 | _a6th edition | ||
| 260 |
_aColumbus _bMerill Publishing Company _c1990 |
||
| 300 |
_ax, 190 p. _b ill., fig., tables |
||
| 440 | _aMerrill Earth Science Series | ||
| 504 | _aIncludes bibliographical references and index | ||
| 650 | _aGeology - | ||
| 651 | _aGeomorphology and hydrosphere - Oceanography - | ||
| 850 | _aLCLIB | ||
| 942 | _cBK | ||
| 999 |
_c909 _d51388 |
||